[Event "CZE-chT2F 2223"]
[Site "Czech Republic"]
[Date "2023.03.26"]
[Round "11"]
[White "Splichal, Stanislav"]
[Black "Schoupal, Patrik"]
[Result "1-0"]
[WhiteElo "2021"]
[BlackElo "1951"]
[PlyCount "75"]
[EventDate "2022.10.16"]
[EventType "team-tourn"]
[EventRounds "11"]
[EventCountry "CZE"]
[SourceTitle "EXT 2024"]
[Source "ChessBase"]
[SourceDate "2023.10.10"]
[SourceVersion "1"]
[SourceVersionDate "2023.10.10"]
[SourceQuality "1"]
[WhiteTeam "Ostrava II"]
[BlackTeam "Trinec II"]
[WhiteTeamCountry "CZE"]
[BlackTeamCountry "CZE"]

1. d4 d5 2. c4 c6 3. Nf3 e6 4. g3 Nf6 5. Bg2 Be7 6. 0-0 0-0 7. Nc3 b6 8. Ne5 Bb7 9. e4 Nxe4 10. Nxe4 dxe4 11. Bxe4 f6 12. Nf3 f5 13. Bc2 Nd7 14. Qe2 c5 15. Qxe6+ Kh8 16. Ne5 Nxe5 17. dxe5 Qc7 18. Bf4 Rad8 19. Ba4 g5 20. Bc1 f4 21. Bc2 Rg8 22. Qf5 Rg7 23. Re1 Bc8 24. e6 Rf8 25. Qg4 Bb7 26. Bd2 fxg3 27. hxg3 Bf3 28. Qh3 Bf6 29. Qh6 Bd4 30. Be3 Rf6 31. Qh3 g4 32. Qh4 Bxb2 33. Rab1 Bc3 34. Bg5 Rf8 35. e7 Re8 36. Re3 Bd4 37. Bf6 Bxe3 38. Qxh7# 1-0

[Event "CZE-chT2F 2223"]
[Site "Czech Republic"]
[Date "2022.11.20"]
[Round "3"]
[White "Parak, Dominik"]
[Black "Splichal, Stanislav"]
[Result "1/2-1/2"]
[WhiteElo "2030"]
[BlackElo "2021"]
[PlyCount "42"]
[EventDate "2022.10.16"]
[EventType "team-tourn"]
[EventRounds "11"]
[EventCountry "CZE"]
[SourceTitle "EXT 2024"]
[Source "ChessBase"]
[SourceDate "2023.10.10"]
[SourceVersion "1"]
[SourceVersionDate "2023.10.10"]
[SourceQuality "1"]
[WhiteTeam "Vsetin"]
[BlackTeam "Ostrava II"]
[WhiteTeamCountry "CZE"]
[BlackTeamCountry "CZE"]

1. e4 c6 2. d4 d5 3. e5 Bf5 4. Nf3 e6 5. Be2 Nd7 6. 0-0 Bg6 7. Re1 Nh6 8. Nbd2 Nf5 9. Nf1 Be7 10. c3 0-0 11. g4 Nh4 12. Nxh4 Bxh4 13. Ng3 f6 14. Bd3 Bxd3 15. Qxd3 fxe5 16. dxe5 Qb6 17. Qe3 Nxe5 18. Qxe5 Qxf2+ 19. Kh1 Qf3+ 20. Kg1 Qf2+ 21. Kh1 Qf3+ 1/2-1/2

[Event "CZE-chT2F 2223"]
[Site "Czech Republic"]
[Date "2022.10.16"]
[Round "1"]
[White "Sebesta, Jan2222"]
[Black "Splichal, Stanislav"]
[Result "1/2-1/2"]
[WhiteElo "1826"]
[BlackElo "2021"]
[PlyCount "85"]
[EventDate "2022.10.16"]
[EventType "team-tourn"]
[EventRounds "11"]
[EventCountry "CZE"]
[SourceTitle "EXT 2024"]
[Source "ChessBase"]
[SourceDate "2023.10.10"]
[SourceVersion "1"]
[SourceVersionDate "2023.10.10"]
[SourceQuality "1"]
[WhiteTeam "Orlova Slavia II"]
[BlackTeam "Ostrava II"]
[WhiteTeamCountry "CZE"]
[BlackTeamCountry "CZE"]

1. e4 g6 2. d4 Bg7 3. Nf3 d6 4. Nc3 Nf6 5. Be2 0-0 6. 0-0 c6 7. h3 Qc7 8. a4 a5 9. Be3 Na6 10. Nd2 Nb4 11. f4 e5 12. dxe5 dxe5 13. Nc4 Nd7 14. f5 b6 15. Na2 Nxa2 16. Rxa2 Ba6 17. Ra1 Nc5 18. Bxc5 bxc5 19. c3 Rab8 20. Qc2 Bh6 21. Na3 Qb7 22. Rab1 Rfd8 23. Rfd1 Bxe2 24. Qxe2 Qb3 25. Nc4 f6 26. fxg6 hxg6 27. Nd6 Bf8 28. Qc4+ Qxc4 29. Nxc4 Kf7 30. Kf1 Ke6 31. Ke2 Be7 32. Nxa5 Rxd1 33. Kxd1 Ra8 34. b4 cxb4 35. cxb4 c5 36. Nc6 cxb4 37. Nxe7 Kxe7 38. Rxb4 Kd6 39. Kd2 Kc5 40. Kc3 Rd8 41. a5 Rd1 42. Rb6 Rg1 43. Rxf6 1/2-1/2

[Event "CZE-chT2F 2122"]
[Site "Czech Republic"]
[Date "2022.02.13"]
[Round "8.7"]
[White "Pekarek, Ales1111"]
[Black "Splichal, Stanislav"]
[Result "1/2-1/2"]
[WhiteElo "1911"]
[BlackElo "2072"]
[PlyCount "31"]
[EventDate "2021.10.17"]
[EventType "team-tourn"]
[EventRounds "11"]
[EventCountry "CZE"]
[SourceTitle "EXT 2024"]
[Source "ChessBase"]
[SourceDate "2023.10.10"]
[SourceVersion "1"]
[SourceVersionDate "2023.10.10"]
[SourceQuality "1"]
[WhiteTeam "Orlova Slavia II"]
[BlackTeam "Ostrava"]
[WhiteTeamCountry "CZE"]
[BlackTeamCountry "CZE"]

1. e4 c5 2. c3 e6 3. d4 d5 4. exd5 exd5 5. Nf3 Nc6 6. Bd3 Nf6 7. 0-0 cxd4 8. Re1+ Be7 9. Bg5 0-0 10. cxd4 Bg4 11. Nc3 h6 12. Bh4 Nxd4 13. Bh7+ Kxh7 14. Qxd4 Bxf3 15. gxf3 Ng8 16. Bg3 1/2-1/2

[Event "CZE-chT1E 1920"]
[Site "Czech Republic"]
[Date "2020.03.01"]
[Round "9.1"]
[White "Kubos, Rostislav"]
[Black "Splichal, Stanislav"]
[Result "1-0"]
[WhiteElo "2143"]
[BlackElo "2086"]
[PlyCount "71"]
[EventDate "2019.10.20"]
[EventType "team-tourn"]
[EventRounds "11"]
[EventCountry "CZE"]
[SourceTitle "CBM 195 Extra"]
[Source "ChessBase"]
[SourceDate "2020.05.31"]
[SourceVersion "1"]
[SourceVersionDate "2020.05.31"]
[SourceQuality "1"]
[WhiteTeam "Orlova Slavia"]
[BlackTeam "Ostrava"]
[WhiteTeamCountry "CZE"]
[BlackTeamCountry "CZE"]

1. Nf3 Nf6 2. g3 d5 3. c4 e6 4. Bg2 Be7 5. 0-0 0-0 6. b3 c5 7. cxd5 Nxd5 8. Bb2 Nc6 9. d4 cxd4 10. Nxd4 Bd7 11. Nc3 Nxc3 12. Bxc3 Nxd4 13. Bxd4 Bc6 14. Bxc6 bxc6 15. Rc1 Qd5 16. Rc4 a5 17. Qc2 Rfd8 18. e4 Qb5 19. Bc5 Bf6 20. Be3 Ra6 21. Rc5 Qb7 22. Rc1 Rc8 23. Rc4 g6 24. Rd1 Rd8 25. Rxd8+ Bxd8 26. Bd4 Be7 27. Qc3 Bb4 28. Qf3 f5 29. exf5 exf5 30. Qe3 Qf7 31. Qe5 Kf8 32. Qb8+ Qe8 33. Bg7+ Kf7 34. Qb7+ Qe7 35. Qxa6 Kxg7 36. Qxc6 1-0

[Event "CZE-chT1E 1920"]
[Site "Czech Republic"]
[Date "2019.12.08"]
[Round "4.1"]
[White "Vechet, Stanislav"]
[Black "Splichal, Stanislav"]
[Result "1-0"]
[WhiteElo "2112"]
[BlackElo "2086"]
[PlyCount "111"]
[EventDate "2019.10.20"]
[EventType "team-tourn"]
[EventRounds "11"]
[EventCountry "CZE"]
[SourceTitle "CBM 193 Extra"]
[Source "ChessBase"]
[SourceDate "2020.01.31"]
[SourceVersion "1"]
[SourceVersionDate "2020.01.31"]
[SourceQuality "1"]
[WhiteTeam "Brno Moravska Slavia II"]
[BlackTeam "Ostrava"]
[WhiteTeamCountry "CZE"]
[BlackTeamCountry "CZE"]

1. d4 Nf6 2. c4 e6 3. g3 d5 4. Nf3 Be7 5. Bg2 0-0 6. 0-0 Nbd7 7. cxd5 exd5 8. Nc3 c6 9. Qc2 Re8 10. Be3 Bd6 11. Rae1 h6 12. Bc1 Nf8 13. Nh4 Bc7 14. Rd1 Be6 15. f4 Ba5 16. a3 Bxc3 17. bxc3 Bg4 18. Nf3 Qc8 19. Rfe1 Bh3 20. Bh1 Bf5 21. Qb3 Be4 22. Bg2 b5 23. a4 Qa6 24. axb5 Qxb5 25. Qa3 a5 26. Rd2 Bxf3 27. Bxf3 Ne4 28. Rb2 Qc4 29. Bd2 Nd7 30. Reb1 Ndf6 31. Be1 c5 32. dxc5 Nxc5 33. Qa2 Nfe4 34. Qxc4 dxc4 35. Bf2 Nb3 36. Bd4 Rac8 37. Bg4 Rcd8 38. e3 g6 39. Kg2 f5 40. Be2 Nbd2 41. Rd1 Ra8 42. Rdxd2 Nxd2 43. Rxd2 Rec8 44. Ra2 a4 45. Ra3 Ra6 46. Bd1 Rca8 47. Bf3 Rd8 48. Bb7 Ra5 49. e4 fxe4 50. Bxe4 Kf7 51. Kf3 Rb8 52. Bc2 Rba8 53. h4 h5 54. Be5 R8a7 55. Ke3 R7a6 56. Kd4 1-0

[Event "Tatry op"]
[Site "Tatranske Zruby"]
[Date "2019.09.29"]
[Round "2"]
[White "Splichal, Stanislav"]
[Black "Dvorak, Vladimir"]
[Result "1/2-1/2"]
[WhiteElo "2086"]
[BlackElo "1935"]
[PlyCount "44"]
[EventDate "2019.09.28"]
[EventType "swiss"]
[EventRounds "9"]
[EventCountry "SVK"]
[SourceTitle "EXT 2020"]
[Source "ChessBase"]
[SourceDate "2019.10.17"]
[SourceVersion "1"]
[SourceVersionDate "2019.10.17"]
[SourceQuality "1"]

1. d4 e6 2. c4 f5 3. g3 Nf6 4. Bg2 Be7 5. Nf3 0-0 6. 0-0 d6 7. Nc3 Qe8 8. Qc2 Qh5 9. e4 e5 10. dxe5 dxe5 11. Nd5 Nxd5 12. cxd5 Bd6 13. exf5 Bxf5 14. Qb3 Nd7 15. Be3 e4 16. Ng5 Rae8 17. f4 exf3 18. Bxf3 Bg4 19. Bxg4 Qxg4 20. Ne6 Rxf1+ 21. Rxf1 Bxg3 22. hxg3 Qxg3+ 1/2-1/2

[Event "Prague op"]
[Site "Prague"]
[Date "2019.03.10"]
[Round "2"]
[White "Stevik, Patrik1111"]
[Black "Splichal, Stanislav"]
[Result "1/2-1/2"]
[WhiteElo "1918"]
[BlackElo "2142"]
[PlyCount "50"]
[EventDate "2019.03.09"]
[EventType "swiss"]
[EventRounds "9"]
[EventCountry "CZE"]
[SourceTitle "CBM 189 Extra"]
[Source "ChessBase"]
[SourceDate "2019.06.03"]
[SourceVersion "1"]
[SourceVersionDate "2019.06.03"]
[SourceQuality "1"]

1. e4 c5 2. Nf3 e6 3. d4 cxd4 4. Nxd4 Nf6 5. Nc3 Nc6 6. Ndb5 d6 7. Bf4 e5 8. Bg5 a6 9. Na3 b5 10. Nd5 Be7 11. Bxf6 Bxf6 12. c3 Bg5 13. Nc2 0-0 14. a4 bxa4 15. Rxa4 Bb7 16. b4 a5 17. h4 Bh6 18. Bc4 Rc8 19. Qd3 axb4 20. Ncxb4 Nxb4 21. cxb4 Bxd5 22. Qxd5 Qd7 23. b5 Qg4 24. g3 Qf3 25. 0-0 Be3 1/2-1/2

[Event "CZE-chT1E 1819"]
[Site "Czech Republic"]
[Date "2019.02.17"]
[Round "8.6"]
[White "Splichal, Stanislav"]
[Black "Gloser, David"]
[Result "0-1"]
[WhiteElo "2154"]
[BlackElo "1940"]
[PlyCount "44"]
[EventDate "2018.10.21"]
[EventType "team-tourn"]
[EventRounds "11"]
[EventCountry "CZE"]
[SourceTitle "CBM 189 Extra"]
[Source "ChessBase"]
[SourceDate "2019.06.03"]
[SourceVersion "1"]
[SourceVersionDate "2019.06.03"]
[SourceQuality "1"]
[WhiteTeam "Ostrava"]
[BlackTeam "Polabiny III"]
[WhiteTeamCountry "CZE"]
[BlackTeamCountry "CZE"]

1. d4 d5 2. c4 e6 3. Nc3 a6 4. cxd5 exd5 5. Bf4 c6 6. e3 Bd6 7. Bg3 Ne7 8. Nf3 0-0 9. Be2 Bg4 10. 0-0 Bxg3 11. hxg3 Nd7 12. Rc1 Nc8 13. Na4 Nd6 14. Nc5 Nxc5 15. dxc5 Ne4 16. Qd4 Re8 17. b4 Re6 18. Rfe1 f5 19. Bd3 Qe8 20. Kf1 Qh5 21. Ke2 Qh2 22. Rg1 Bxf3+ 0-1

[Event "CZE-chT2F 1819"]
[Site "Czech Republic"]
[Date "2019.02.10"]
[Round "8.3"]
[White "Zabystrzan, Pavel"]
[Black "Splichal, Stanislav"]
[Result "1-0"]
[WhiteElo "2215"]
[BlackElo "2158"]
[PlyCount "101"]
[EventDate "2018.10.14"]
[EventType "team-tourn"]
[EventRounds "11"]
[EventCountry "CZE"]
[SourceTitle "EXT 2022"]
[Source "ChessBase"]
[SourceDate "2021.10.06"]
[SourceVersion "1"]
[SourceVersionDate "2021.10.06"]
[SourceQuality "1"]
[WhiteTeam "Orlova Slavia II"]
[BlackTeam "Ostrava Labortech II"]
[WhiteTeamCountry "CZE"]
[BlackTeamCountry "CZE"]

1. Nf3 Nf6 2. g3 d5 3. Bg2 e6 4. 0-0 Be7 5. b3 0-0 6. Bb2 c5 7. c4 Nc6 8. Ne5 Nxe5 9. Bxe5 b6 10. d3 Bb7 11. Nd2 Qc8 12. Qc2 dxc4 13. Bxb7 Qxb7 14. bxc4 Nd7 15. Bc3 Bf6 16. a4 Qc6 17. a5 Rfb8 18. Ra2 a6 19. axb6 Rxb6 20. Bxf6 Nxf6 21. Rfa1 Rab8 22. Qc3 Qd6 23. Ra5 Rc8 24. Qa3 Qe5 25. Rxa6 Rbb8 26. Re1 h5 27. Nf3 Qf5 28. Ra5 Nd7 29. Ra7 Ne5 30. Nxe5 Qxe5 31. Qa1 Qg5 32. Rb1 Rxb1+ 33. Qxb1 Qe5 34. Qb7 Rf8 35. Qf3 g6 36. h4 Kg7 37. Kg2 Kg8 38. Rd7 Kg7 39. e3 Qb8 40. Qe4 Qa8 41. Rc7 Qxe4+ 42. dxe4 Ra8 43. Rxc5 Ra2 44. e5 Rc2 45. Rc8 g5 46. hxg5 Kg6 47. Rc7 Kxg5 48. Rxf7 Rxc4 49. f4+ Kg4 50. Rg7+ Kf5 51. Kf3 1-0

[Event "CZE-chT1E 1819"]
[Site "Czech Republic"]
[Date "2019.02.03"]
[Round "7.5"]
[White "Splichal, Stanislav"]
[Black "Zabystrzan, Pavel"]
[Result "1/2-1/2"]
[WhiteElo "2154"]
[BlackElo "2209"]
[PlyCount "24"]
[EventDate "2018.10.21"]
[EventType "team-tourn"]
[EventRounds "11"]
[EventCountry "CZE"]
[SourceTitle "CBM 188 Extra"]
[Source "ChessBase"]
[SourceDate "2019.02.26"]
[SourceVersion "1"]
[SourceVersionDate "2019.02.26"]
[SourceQuality "1"]
[WhiteTeam "Ostrava"]
[BlackTeam "Orlova Slavia"]
[WhiteTeamCountry "CZE"]
[BlackTeamCountry "CZE"]

1. Nf3 Nf6 2. c4 g6 3. g3 c5 4. Bg2 Nc6 5. 0-0 d6 6. Nc3 Bg7 7. d4 cxd4 8. Nxd4 Bd7 9. Nc2 0-0 10. Bd2 a6 11. Rc1 Rc8 12. b3 Rb8 1/2-1/2

[Event "CZE-chT1E 1819"]
[Site "Czech Republic"]
[Date "2019.01.20"]
[Round "6.6"]
[White "Splichal, Stanislav"]
[Black "Movsesian, Julia"]
[Result "1/2-1/2"]
[WhiteElo "2154"]
[BlackElo "2324"]
[PlyCount "41"]
[EventDate "2018.10.21"]
[EventType "team-tourn"]
[EventRounds "11"]
[EventCountry "CZE"]
[SourceTitle "CBM 188 Extra"]
[Source "ChessBase"]
[SourceDate "2019.02.26"]
[SourceVersion "1"]
[SourceVersionDate "2019.02.26"]
[SourceQuality "1"]
[WhiteTeam "Ostrava"]
[BlackTeam "Trinec"]
[WhiteTeamCountry "CZE"]
[BlackTeamCountry "CZE"]

1. Nf3 d5 2. d4 Nf6 3. c4 e6 4. g3 Bb4+ 5. Bd2 a5 6. Qc2 0-0 7. Bg2 c5 8. dxc5 Bxc5 9. cxd5 Qxd5 10. Nc3 Qh5 11. h3 Nc6 12. g4 Qg6 13. Qxg6 hxg6 14. Rc1 Bb6 15. 0-0 Nd5 16. Rfd1 Rd8 17. a3 Bd7 18. e3 Be8 19. Nxd5 Rxd5 20. Bc3 Rxd1+ 21. Rxd1 1/2-1/2

[Event "CZE-chT1E 1819"]
[Site "Czech Republic"]
[Date "2018.11.25"]
[Round "3.7"]
[White "Splichal, Stanislav"]
[Black "Haba, Zdenek"]
[Result "1/2-1/2"]
[WhiteElo "2154"]
[BlackElo "2158"]
[PlyCount "111"]
[EventDate "2018.10.21"]
[EventType "team-tourn"]
[EventRounds "11"]
[EventCountry "CZE"]
[SourceTitle "CBM 187 Extra"]
[Source "ChessBase"]
[SourceDate "2018.11.04"]
[SourceVersion "1"]
[SourceVersionDate "2018.11.04"]
[SourceQuality "1"]
[WhiteTeam "Ostrava"]
[BlackTeam "Gordic"]
[WhiteTeamCountry "CZE"]
[BlackTeamCountry "CZE"]

1. Nf3 g6 2. d4 Bg7 3. g3 d6 4. Bg2 f5 5. 0-0 Nf6 6. c4 0-0 7. Nc3 Nc6 8. d5 Na5 9. Qa4 c5 10. dxc6 Nxc6 11. Rd1 Qa5 12. Qb3 Qb4 13. Qxb4 Nxb4 14. Bd2 Nc6 15. Rac1 Bd7 16. b3 Rac8 17. Ne1 b6 18. Nd3 Rfd8 19. Nf4 Kf7 20. h4 Ne5 21. Nfd5 Nxd5 22. Bxd5+ e6 23. Bg2 Bf6 24. Bf4 Ke7 25. a4 Bc6 26. Nb5 Bxg2 27. Kxg2 a6 28. Nd4 Nf7 29. Nf3 h6 30. Be3 Rb8 31. Rd3 Rdc8 32. Rcd1 Rb7 33. R1d2 Rc6 34. Nd4 Bxd4 35. Bxd4 Rd7 36. f4 h5 37. a5 bxa5 38. Ra2 e5 39. Be3 Rb7 40. Rxa5 e4 41. Rc3 Nd8 42. g4 hxg4 43. h5 Ke6 44. hxg6 Rg7 45. b4 Rxg6 46. Rca3 Rxc4 47. Rxa6 Rg7 48. b5 Rc2 49. Ra8 Nb7 50. Bd4 Rh7 51. Ra2 Rxa2 52. Rxa2 Kd5 53. Be3 Kc4 54. b6 Kb5 55. Ra8 Rh3 56. Bd4 1/2-1/2

[Event "Tatry op"]
[Site "Tatranske Zruby"]
[Date "2018.10.03"]
[Round "4"]
[White "Bednar, Jan"]
[Black "Splichal, Stanislav"]
[Result "1/2-1/2"]
[WhiteElo "1986"]
[BlackElo "2154"]
[PlyCount "43"]
[EventDate "2018.09.30"]
[EventType "swiss"]
[EventRounds "9"]
[EventCountry "SVK"]
[SourceTitle "CBM 186 Extra"]
[Source "ChessBase"]
[SourceDate "2018.08.24"]
[SourceVersion "1"]
[SourceVersionDate "2018.08.24"]
[SourceQuality "1"]

1. e4 c5 2. Nf3 g6 3. d4 Bg7 4. c4 cxd4 5. Nxd4 Nc6 6. Be3 Nf6 7. Nc3 0-0 8. Be2 d6 9. 0-0 Bd7 10. Rc1 Nxd4 11. Bxd4 Bc6 12. Qd3 a6 13. f3 a5 14. Rfd1 Bh6 15. Be3 Bxe3+ 16. Qxe3 Nd7 17. Nd5 Bxd5 18. exd5 Nc5 19. b3 Qb6 20. Rb1 Qb4 21. Bf1 Rfe8 22. Qd2 1/2-1/2

[Event "Tatry op"]
[Site "Tatranske Zruby"]
[Date "2018.09.30"]
[Round "1"]
[White "Splichal, Stanislav"]
[Black "Cambel, Vladimir"]
[Result "1-0"]
[WhiteElo "2154"]
[BlackElo "1974"]
[PlyCount "57"]
[EventDate "2018.09.30"]
[EventType "swiss"]
[EventRounds "9"]
[EventCountry "SVK"]
[SourceTitle "CBM 186 Extra"]
[Source "ChessBase"]
[SourceDate "2018.08.24"]
[SourceVersion "1"]
[SourceVersionDate "2018.08.24"]
[SourceQuality "1"]

1. d4 d5 2. c4 c6 3. Nc3 Nf6 4. cxd5 cxd5 5. Bf4 Nc6 6. e3 e6 7. Bd3 Be7 8. Nf3 Nh5 9. Be5 a6 10. Rc1 f5 11. h3 Nf6 12. g4 Nxe5 13. dxe5 Ne4 14. gxf5 exf5 15. Nd4 Nxc3 16. Rxc3 0-0 17. a3 g6 18. f4 b5 19. Qb3 Kh8 20. Ke2 Qb6 21. Rc6 Qa5 22. Rhc1 b4 23. Rc7 Re8 24. axb4 Qxb4 25. Qxd5 Rb8 26. Nc6 Qxb2+ 27. Rc2 Qb6 28. Nxb8 Qxb8 29. Qc6 1-0

[Event "CZE-chT1E 1718"]
[Site "Czech Republic"]
[Date "2018.04.15"]
[Round "11.2"]
[White "Novotny, Josef1111"]
[Black "Splichal, Stanislav"]
[Result "1-0"]
[WhiteElo "2060"]
[BlackElo "2156"]
[PlyCount "75"]
[EventDate "2017.10.22"]
[EventType "team-tourn"]
[EventRounds "11"]
[EventCountry "CZE"]
[SourceTitle "EXT 2019"]
[Source "ChessBase"]
[SourceDate "2018.10.10"]
[SourceVersion "1"]
[SourceVersionDate "2018.10.10"]
[SourceQuality "1"]
[WhiteTeam "Rychnov nad Kneznou"]
[BlackTeam "Ostrava"]
[WhiteTeamCountry "CZE"]
[BlackTeamCountry "CZE"]

1. e3 d5 2. d3 Nf6 3. g3 c5 4. Bg2 Nc6 5. b3 g6 6. Bb2 Bg7 7. Nd2 0-0 8. Ne2 b6 9. e4 Bb7 10. exd5 Nxd5 11. Bxg7 Kxg7 12. Ne4 Nd4 13. 0-0 Qd7 14. Qd2 h6 15. f3 e5 16. Rae1 Rad8 17. f4 exf4 18. Nxf4 Nxf4 19. Rxf4 f5 20. Rh4 Rh8 21. c3 Ne6 22. Nf2 Bxg2 23. Kxg2 Qd5+ 24. Kf1 g5 25. Ra4 a5 26. b4 Rhe8 27. bxa5 b5 28. c4 Qd4 29. Ra3 bxc4 30. a6 Qd5 31. Qc3+ Nd4 32. Rxe8 Rxe8 33. dxc4 Qe6 34. a7 Ra8 35. Qb2 Qxc4+ 36. Kg1 Re8 37. Qb7+ Kg6 38. Qa6+ 1-0

[Event "CZE-chT1E 1718"]
[Site "Czech Republic"]
[Date "2018.03.25"]
[Round "10.5"]
[White "Splichal, Stanislav"]
[Black "Miturova, Magdalena"]
[Result "1/2-1/2"]
[WhiteElo "2156"]
[BlackElo "2198"]
[PlyCount "33"]
[EventDate "2017.10.22"]
[EventType "team-tourn"]
[EventRounds "11"]
[EventCountry "CZE"]
[SourceTitle "EXT 2019"]
[Source "ChessBase"]
[SourceDate "2018.10.10"]
[SourceVersion "1"]
[SourceVersionDate "2018.10.10"]
[SourceQuality "1"]
[WhiteTeam "Ostrava"]
[BlackTeam "Cesky Tesin"]
[WhiteTeamCountry "CZE"]
[BlackTeamCountry "CZE"]

1. d4 Nf6 2. Nf3 e6 3. g3 d5 4. Bg2 c6 5. 0-0 Be7 6. c4 0-0 7. Qc2 b6 8. Ne5 Nfd7 9. Nc3 Nxe5 10. dxe5 Bb7 11. Bf4 Nd7 12. Rad1 Qc7 13. cxd5 cxd5 14. e4 dxe4 15. Bxe4 Bxe4 16. Qxe4 a6 17. h4 1/2-1/2

[Event "CZE-chT2F 1718"]
[Site "Czech Republic"]
[Date "2018.02.25"]
[Round "9.2"]
[White "Splichal, Stanislav"]
[Black "Szwed, Jacek"]
[Result "1/2-1/2"]
[WhiteElo "2169"]
[BlackElo "2403"]
[PlyCount "51"]
[EventDate "2017.10.15"]
[EventType "team-tourn"]
[EventRounds "11"]
[EventCountry "CZE"]
[SourceTitle "EXT 2022"]
[Source "ChessBase"]
[SourceDate "2021.10.06"]
[SourceVersion "1"]
[SourceVersionDate "2021.10.06"]
[SourceQuality "1"]
[WhiteTeam "Ostrava Labortech II"]
[BlackTeam "Trinec II"]
[WhiteTeamCountry "CZE"]
[BlackTeamCountry "CZE"]

1. Nf3 c5 2. c4 g6 3. g3 b6 4. Bg2 Bb7 5. 0-0 Bg7 6. Nc3 Nf6 7. d4 0-0 8. d5 e6 9. e4 exd5 10. exd5 d6 11. Bf4 h6 12. Re1 Nh5 13. Be3 f5 14. Bd2 Nd7 15. Re6 Rf6 16. Nh4 Nf8 17. Re1 Kh7 18. Bf3 Qd7 19. Bg2 Qd8 20. Bf3 Qd7 21. Bxh5 gxh5 22. Qxh5 Qf7 23. Qxf7 Rxf7 24. Bf4 Bxc3 25. bxc3 Ba6 26. Bxd6 1/2-1/2

[Event "CZE-chT1E 1718"]
[Site "Czech Republic"]
[Date "2018.02.04"]
[Round "7.4"]
[White "Muzik, Martin"]
[Black "Splichal, Stanislav"]
[Result "1/2-1/2"]
[WhiteElo "2158"]
[BlackElo "2156"]
[PlyCount "84"]
[EventDate "2017.10.22"]
[EventType "team-tourn"]
[EventRounds "11"]
[EventCountry "CZE"]
[SourceTitle "EXT 2019"]
[Source "ChessBase"]
[SourceDate "2018.10.10"]
[SourceVersion "1"]
[SourceVersionDate "2018.10.10"]
[SourceQuality "1"]
[WhiteTeam "Opava KVS"]
[BlackTeam "Ostrava"]
[WhiteTeamCountry "CZE"]
[BlackTeamCountry "CZE"]

1. e4 c5 2. c3 e6 3. d4 d5 4. e5 Nc6 5. Nf3 Bd7 6. Be2 Nge7 7. Na3 cxd4 8. cxd4 Nf5 9. Nc2 Be7 10. 0-0 Qb6 11. Rb1 a5 12. g4 Nh6 13. Ne3 Ng8 14. b3 f6 15. exf6 Nxf6 16. Bb2 0-0 17. Ne5 Be8 18. a3 Ne4 19. Bf3 Nxe5 20. Bxe4 Ng6 21. Bc2 Nf4 22. a4 Bc6 23. f3 g6 24. Ng2 Nh3+ 25. Kh1 Bd6 26. Qe1 Rae8 27. Qh4 Nf4 28. Rbe1 Qb4 29. Nxf4 Bxf4 30. Ba1 b5 31. Rb1 Be3 32. Qe1 Qxe1 33. Rfxe1 Bd2 34. Re2 Bb4 35. Kg2 Rf7 36. h4 Bd7 37. Rh1 Ref8 38. Rh3 Rc8 39. h5 g5 40. h6 Bd6 41. Bb2 Bf4 42. Rh1 Rf6 1/2-1/2

[Event "CZE-chT2F 1718"]
[Site "Czech Republic"]
[Date "2018.01.28"]
[Round "7.2"]
[White "Splichal, Stanislav"]
[Black "Lys, Josef"]
[Result "1/2-1/2"]
[WhiteElo "2169"]
[BlackElo "2115"]
[PlyCount "30"]
[EventDate "2017.10.15"]
[EventType "team-tourn"]
[EventRounds "11"]
[EventCountry "CZE"]
[SourceTitle "EXT 2022"]
[Source "ChessBase"]
[SourceDate "2021.10.06"]
[SourceVersion "1"]
[SourceVersionDate "2021.10.06"]
[SourceQuality "1"]
[WhiteTeam "Ostrava Labortech II"]
[BlackTeam "Dobra"]
[WhiteTeamCountry "CZE"]
[BlackTeamCountry "CZE"]

1. Nf3 d5 2. d4 Nf6 3. c4 e6 4. g3 Be7 5. Bg2 0-0 6. 0-0 c6 7. Qc2 Ne4 8. Nc3 f5 9. b3 Bd7 10. Bb2 Be8 11. Ne5 Nd7 12. Nxd7 Qxd7 13. Nxe4 fxe4 14. f3 exf3 15. exf3 Rd8 1/2-1/2

[Event "CZE-chT2F 1718"]
[Site "Czech Republic"]
[Date "2017.11.19"]
[Round "3.2"]
[White "Splichal, Stanislav"]
[Black "Stukner, Simon"]
[Result "0-1"]
[WhiteElo "2169"]
[BlackElo "2168"]
[PlyCount "92"]
[EventDate "2017.10.15"]
[EventType "team-tourn"]
[EventRounds "11"]
[EventCountry "CZE"]
[SourceTitle "EXT 2022"]
[Source "ChessBase"]
[SourceDate "2021.10.06"]
[SourceVersion "1"]
[SourceVersionDate "2021.10.06"]
[SourceQuality "1"]
[WhiteTeam "Ostrava Labortech II"]
[BlackTeam "Frydek Mistek III"]
[WhiteTeamCountry "CZE"]
[BlackTeamCountry "CZE"]

1. d4 Nf6 2. Nf3 g6 3. g3 Bg7 4. Bg2 0-0 5. 0-0 d6 6. a4 c5 7. Nc3 Nc6 8. d5 Nb4 9. e4 e6 10. dxe6 Bxe6 11. Be3 Rc8 12. Nb5 Nxe4 13. Nxa7 Ra8 14. c3 Nd5 15. Nb5 Nxe3 16. fxe3 Bc4 17. Re1 Qb6 18. Bf1 Be6 19. Nd2 Nxd2 20. Qxd2 d5 21. Qf2 Rfd8 22. Qf4 Rd7 23. Kh1 Re8 24. a5 Qd8 25. Bg2 Bf5 26. Qf2 Bd3 27. Bf1 Be4+ 28. Bg2 Re5 29. Bxe4 dxe4 30. Re2 Rf5 31. Qe1 Rfd5 32. Qf2 Rd2 33. Rae1 Rxe2 34. Rxe2 Qxa5 35. c4 Qa1+ 36. Kg2 Be5 37. Rc2 Rd3 38. g4 Qd1 39. Re2 Qc1 40. Na3 Rb3 41. Rc2 Qxe3 42. Qxe3 Rxe3 43. Nb1 f5 44. gxf5 gxf5 45. Rf2 f4 46. Nd2 Re1 0-1